Personnages jouables dans le jeu Dragon Ball Budokai Tenkaichi 3 - Statistiques

Statistiques générales
  • Ce quiz a été pris 96 fois
  • Le résultat moyen est 37 sur 76
Statistiques - réponses
Numéro Personnages % Correct
1 Goku(Super Saiyen) (Super Saiyen 2) (Super Saiyen 3) (Super Saiyen 4) (Goku Petit) (Gorille Géant) (GT)
100%
10 Vegeta (Super Saiyen) (Super Vegeta) (Vegeta 2e Forme) (Vegeta 2e Forme Super Saiyen) (Vegeta 2e Forme Super Saiyen 2) (Vegeta 2e Forme Majin) (Détécteur) (Gorille Géant) (Super Saiyen 4)
98%
4 Gohan(Petit) (Ado) (Ado Super Saiyen) (Ado Super Saiyen 2) (Super Saiyen) (Great Saiyaman) (Ultime) (Futur)
95%
30 Freezer(1ère Forme) (2ème Forme) (3ème Forme) (Forme Finale) (Puissance Maximale) (Mecha Freezer)
89%
13 Goten(Super Saiyen)
89%
5 Piccolo(Fin) (Démon Piccolo)
89%
12 Trunks (Super Saiyen) (Super Trunks)
89%
11 Trunks épée (Super Saiyen)
89%
6 Krilin
87%
7 Yamcha
87%
33 C-17
84%
34 C-18
84%
36 Cell(1ère Forme) (2ème Forme) (Forme Parfaite) (Cell Parfait)
82%
35 C-19
79%
21 Nappa(Gorille Géant)
79%
19 Raditz(Gorille Géant)
79%
8 Ten Shin Han
79%
39 Boo(Mal Incarné) (Super Boo) (Super Boo 1) (Super Boo 2) (Boo Petit)
74%
46 Broly (Super Saiyen) (Super Saiyen Légendaire)
74%
32 C-16
72%
29 Ginyu
72%
3 Gogeta (Super Gogeta) (Super Saiyen 4)
72%
2 Végeto (Super végeto)
70%
18 Bardock(Singe Géant)
64%
9 Chaozu
64%
62 Tortue Géniale(Puissance Maximale)
64%
44 Cooler(Métal Cooler) (Forme Finale)
62%
23 Dodoria
62%
31 Dr Géro
62%
45 C-13(C-13 Fusion)
59%
16 Videl(Great Saiyaman 2)
57%
25 Guldo
56%
41 Thalès(Gorille Géant)
56%
73 Chichi(Enfant)
52%
38 Dabra
51%
49 Janemba(Forme Finale)
51%
22 Kiwi
49%
15 M.Satan
49%
66 Babidi
48%
24 Zabon(Zabon Transformé)
46%
65 Roi Cold
44%
26 Reecom
43%
51 Tapion
43%
53 Yajirobe
43%
56 Oob
39%
14 Gotrunks(Super Saiyen) (Super Saiyen 3)
38%
55 Pan
38%
37 Cell Junior
36%
54 Tao Pai Pai
36%
17 Kaio Shin (Kaiobito)
34%
58 Baby Vegeta (Super Baby 1) (Super Baby 2) (Baby Gorille Géant)
33%
27 Burter
33%
64 Roi Vegeta (Gorille Géant)
33%
48 Bojack(Puissance Maximale)
30%
61 Li Shenron
30%
59 Super C-17
30%
40 Garlic Jr(Super Garlic Jr)
28%
75 Aralé Norimaki
26%
50 Hildegarn
25%
68 Spopovitch
25%
28 Jesse
23%
42 Slugh(Géant)
20%
67 Yakon
20%
71 Franky
18%
74 Nam
15%
52 Paikuhan
13%
69 Suu Shenron
13%
43 Sauzer
11%
72 Sélipa(Gorille Géant)
11%
47 Zangya
11%
70 Docteur Willow
7%
57 Majoub
5%
60 Syn Shenron
5%
76 Commandant Bleu
3%
63 Grand Père Sangohan
3%
20 Saibaimam
2%
Aucun quiz correspondant
Distribution des résultats
% des personnes avec chaque résultat
Percentile par nombre de réponses
Votre historique - résultats
Vous n’avez pas pris ce quiz